| 000 | 00462cam a2200181ua 4500 | ||
|---|---|---|---|
| 020 | _cRs 5.00 | ||
| 041 |
_ahin _h |
||
| 082 |
_a891.54 _bNAG/AD |
||
| 100 | _aNagendra, . | ||
| 245 |
_aAdhunik Hindi kavita ki mukhya pravirtiyam / _cNagendra. _hTextual Documents |
||
| 250 |
_a3 / _b. |
||
| 260 |
_aNew Delhi : _bNational Publishing House , _c1966. |
||
| 300 | _a141 ; . | ||
| 365 | _aRs 5.00 | ||
| 504 | _a | ||
| 942 | _cBK | ||
| 999 |
_c3674 _d3674 |
||